La vie d' Ingres / (Record no. 175871)

MARC details
000 -LEADER
campo de control de longitud fija 00732nam a22002295i 4500
001 - NÚMERO DE CONTROL
campo de control 175871
003 - IDENTIFICADOR DE NÚMERO DE CONTROL
campo de control ES-MaACL
005 - FECHA Y HORA DE LA ÚLTIMA TRANSACCIÓN
campo de control 20230906215932.0
008 - DATOS DE LONGITUD FIJA--INFORMACIÓN GENERAL
campo de control de longitud fija 101126s1930 fr a |||| | fre d
080 ## - NÚMERO DE LA CLASIFICACIÓN DECIMAL UNIVERSAL
Número de la Clasificación Decimal Universal 929 Ingres, Jean-Auguste-Dominique
080 ## - NÚMERO DE LA CLASIFICACIÓN DECIMAL UNIVERSAL
Número de la Clasificación Decimal Universal 75 Ingres, Jean-Auguste-Dominique
100 1# - ENTRADA PRINCIPAL--NOMBRE DE PERSONA
Nombre de persona Fouquet, Jacques.
9 (RLIN) 51951
245 13 - MENCIÓN DEL TÍTULO
Título La vie d' Ingres /
Mención de responsabilidad, etc. par Jacques Fouquet.
260 ## - PUBLICACIÓN, DISTRIBUCIÓN, ETC.
Lugar de publicación, distribución, etc. Paris :
Nombre del editor, distribuidor, etc. Gallimard,
Fecha de publicación, distribución, etc. 1930.
300 ## - DESCRIPCIÓN FÍSICA
Extensión 212 p. :
Otras características físicas 1 retr. ;
Dimensiones 19 cm.
490 1# - MENCIÓN DE SERIE
Mención de serie Vies des hommes illustres ;
Designación de volumen o secuencia 62
546 ## - NOTA DE IDIOMA
Nota de lengua/lenguaje Texto en francés.
600 14 - PUNTO DE ACCESO ADICIONAL DE MATERIA--NOMBRE DE PERSONA
Nombre de persona Ingres, Jean-Auguste-Dominique.
9 (RLIN) 150604
830 0# - PUNTO DE ACCESO ADICIONAL DE SERIE-TÍTULO UNIFORME
Título uniforme Vies des hommes illustres ;
Designación de volumen o secuencia 62
9 (RLIN) 182839
852 ## - LOCALIZACIÓN
Ubicación ES-MaACL
Número de control de estantería E-13693
Holdings
Estatus retirado Estado de pérdida Estado de daño No para préstamo Biblioteca de origen Biblioteca actual Ubicación en estantería Fecha de adquisición Fuente de adquisición Total de préstamos Signatura topográfica completa Código de barras Visto por última vez Precio de reemplazo Tipo de ítem Koha
        Biblioteca del Ateneo de Madrid Biblioteca del Ateneo de Madrid Depósito 2 26/11/2010     E-13693 1184686 23/02/2023 23/02/2023 Libro impreso